Capitals Without the Letters of “Dodoma” - Statistics

General Stats
  • This quiz has been taken 3 times
  • The average score is 5 of 13
Answer Stats
Continents Capitals % Correct
Europe Berlin
67%
Europe Brussels
67%
Europe Helsinki
67%
Africa Libreville
67%
Africa Tunis
67%
Asia Beirut
33%
Europe Bern
33%
Asia Bishkek
33%
Europe Kiev
33%
South America Sucre
33%
Asia Tbilisi
33%
Asia Beijing
0%
Europe Vilnius
0%
No matching quizzes found
Score Distribution
Percent of People with Each Score
Percentile by Number Answered
Your Score History
You have not taken this quiz